[Event "38th Olympiad"]
[Site "Dresden GER"]
[Date "2008.11.25"]
[Round "11"]
[White "Gateri,M"]
[Black "Mensing,F"]
[Result "1/2-1/2"]
[WhiteElo "2189"]
[BlackElo "2119"]
[EventDate "2008.11.13"]

1. d4 d5 2. c4 Nc6 3. e3 Nf6 4. Nc3 e6 5. Nf3 Be7 6. Be2 O-O 7. O-O b6 8.
a3 dxc4 9. Bxc4 Na5 10. Bd3 c5 11. dxc5 bxc5 12. e4 c4 13. Bc2 Qxd1 14.
Rxd1 Nb3 15. Rb1 Nxc1 16. Rbxc1 Rb8 17. Rb1 Rd8 18. Ne5 Rxd1+ 19. Nxd1 Ba6
20. Nc6 Rb7 21. Nxe7+ Rxe7 22. Nc3 Rb7 23. f3 Nd7 24. Kf2 Kf8 25. Ke3 Ke7
26. Na4 g5 27. h4 h6 28. hxg5 hxg5 29. Rh1 Bb5 30. Nc3 Ba6 31. Na4 Bb5 32.
Nc3 Bc6 33. Rb1 e5 34. b4 cxb3 35. Rxb3 Rc7 36. Kd2 Nc5 37. Rb8 Ne6 38. Bb3
Rd7+ 39. Kc2 Nd4+ 40. Kc1 Rc7 41. Kd2 Rb7 42. Rxb7+ Bxb7 43. Bc4 f6 44. Nb5
Nxb5 45. Bxb5 Kd6 46. Kc3 Kc5 47. Bd3 Bc8 48. g4 Bd7 49. Be2 Ba4 50. Bf1
Bd1 51. Bg2 Be2 52. Kd2 Bb5 53. Kc3 a6 54. Bh3 a5 55. Bg2 Bc4 56. Bh3 Kb5
57. Bg2 Kc5 58. Bh3 Kb5 59. Bg2 Kc5 60. Bh3 Kb5 1/2-1/2

[Event "38th Olympiad"]
[Site "Dresden GER"]
[Date "2008.11.25"]
[Round "11"]
[White "Maduro,S"]
[Black "Andolo,H"]
[Result "0-1"]
[WhiteElo "2048"]
[BlackElo "2139"]
[EventDate "2008.11.13"]

1. d4 Nf6 2. c4 c5 3. e3 g6 4. Nc3 Bg7 5. Be2 O-O 6. d5 e6 7. d6 Ne8 8. e4
Qb6 9. Nf3 Nxd6 10. Qc2 Nc6 11. a3 Nd4 12. Nxd4 cxd4 13. Na4 Qc6 14. Bd3 f5
15. f3 fxe4 16. fxe4 b5 17. cxb5 Qxc2 18. Bxc2 Nxb5 19. Bg5 d6 20. Bh4 Bd7
21. Bd3 Rac8 22. b3 Nxa3 23. Be7 Rf7 24. Bxd6 Nc2+ 25. Ke2 Nxa1 26. Rxa1
Bf8 27. Be5 Bg7 28. Bd6 Rc6 29. e5 Bf8 30. Bb5 Rxd6 0-1

[Event "38th Olympiad"]
[Site "Dresden GER"]
[Date "2008.11.25"]
[Round "11"]
[White "Kim,Alex"]
[Black "Corke,A"]
[Result "1-0"]
[WhiteElo "2481"]
[BlackElo "2301"]
[EventDate "2008.11.13"]

1. e4 c5 2. Nf3 e6 3. d4 cxd4 4. Nxd4 a6 5. Nc3 Qc7 6. g3 Nc6 7. Bg2 Nf6 8.
O-O Be7 9. a4 O-O 10. Kh1 d6 11. f4 Bd7 12. Nb3 Nb4 13. a5 Bc6 14. Be3 Nd7
15. Nd4 Nc5 16. Qd2 Bd7 17. Nce2 Nc6 18. Rfc1 Nxd4 19. Nxd4 e5 20. Nf5 Bxf5
21. exf5 Bf6 22. b4 Nd7 23. Rab1 exf4 24. Bxf4 Ne5 25. c4 Qd7 26. Qd5 Qxf5
27. Rf1 Qe6 28. Qxb7 Qxc4 29. b5 axb5 30. a6 b4 31. a7 Qc5 32. Bxe5 Rxa7
33. Bxd6 1-0

[Event "38th Olympiad"]
[Site "Dresden GER"]
[Date "2008.11.25"]
[Round "11"]
[White "Kim Yongtae"]
[Black "Lam Mingo Kwok Wai"]
[Result "1-0"]
[WhiteElo "1853"]
[BlackElo "1665"]
[EventDate "2008.11.13"]

1. d4 g6 2. c4 Bg7 3. Nc3 c5 4. Nf3 cxd4 5. Nxd4 Nc6 6. Nxc6 bxc6 7. e4 d6
8. Be2 Nf6 9. Be3 c5 10. h3 Qa5 11. O-O O-O 12. Qc2 Rb8 13. Rad1 Be6 14. b3
Nd7 15. Nd5 Bxd5 16. exd5 Qc7 17. f4 a5 18. a4 Rb7 19. Rd3 Nf6 20. Rd2 Rfb8
21. Bd1 Nh5 22. Rf3 e5 23. dxe6 fxe6 24. Qd3 Bf8 25. g4 Ng7 26. Bc2 Qe7 27.
Rg2 Re8 28. Bd2 Qf7 29. Bc3 d5 30. cxd5 exd5 31. f5 d4 32. fxg6 Qc7 33.
gxh7+ Kh8 34. Bd2 Bd6 35. Rgf2 Ne6 36. Qg6 1-0

[Event "38th Olympiad"]
[Site "Dresden GER"]
[Date "2008.11.25"]
[Round "11"]
[White "Hawes,J"]
[Black "Medina,Ri"]
[Result "1-0"]
[WhiteElo "2174"]
[BlackElo "2052"]
[EventDate "2008.11.13"]

1. d4 Nf6 2. c4 e5 3. dxe5 Ng4 4. e3 Nxe5 5. Nh3 d6 6. Nf4 g6 7. Be2 Bg7 8.
Nc3 Nbc6 9. O-O O-O 10. Ncd5 Bf5 11. Bd2 Rc8 12. Bc3 Re8 13. Qb3 b6 14.
Rad1 Rb8 15. Qa4 a5 16. Rd2 Rc8 17. Rfd1 Bd7 18. Qc2 Qh4 19. b3 g5 20. Nh5
g4 21. Nxg7 Kxg7 22. Qe4 f6 23. f4 f5 24. Qb1 Re6 25. g3 Qh6 26. fxe5 Nxe5
27. Nf4 Re7 28. Nd5 Ree8 29. Qb2 Kg8 30. Bd4 Bc6 31. Rf1 Bd7 32. e4 Qg5 33.
Qc3 Be6 34. Bxe5 dxe5 35. exf5 Bxf5 36. Rxf5 Qxf5 37. Bxg4 Qf8 38. Bxc8
Rxc8 39. Qxe5 Re8 40. Qxe8 Qxe8 41. b4 1-0

[Event "38th Olympiad"]
[Site "Dresden GER"]
[Date "2008.11.25"]
[Round "11"]
[White "Frick,R"]
[Black "Kantinti,S"]
[Result "0-1"]
[WhiteElo "2145"]
[BlackElo "2151"]
[EventDate "2008.11.13"]

1. e4 c5 2. Nf3 Nc6 3. d4 cxd4 4. Nxd4 Nf6 5. Nc3 d6 6. Be3 Bd7 7. Be2 g6
8. Qd2 Bg7 9. O-O-O h5 10. f4 Ng4 11. Nxc6 bxc6 12. Bg1 Qa5 13. e5 Rb8 14.
a3 O-O 15. h3 Nh6 16. Qe1 Rb7 17. Nd5 Qd8 18. Ba6 Rb8 19. Nb4 c5 20. exd6
exd6 21. Rxd6 cxb4 22. axb4 Nf5 23. Rd3 Qf6 24. Rxd7 Qxb2+ 0-1

[Event "38th Olympiad"]
[Site "Dresden GER"]
[Date "2008.11.25"]
[Round "11"]
[White "Kawuma,S"]
[Black "Guller,A"]
[Result "1-0"]
[WhiteElo "2156"]
[BlackElo "2117"]
[EventDate "2008.11.13"]

1. Nf3 d5 2. d3 Nf6 3. Nbd2 c6 4. e4 dxe4 5. dxe4 g6 6. g3 Bg7 7. Bg2 Nbd7
8. O-O O-O 9. e5 Ng4 10. e6 fxe6 11. Qe2 Ndf6 12. Nc4 e5 13. Ncxe5 Nxe5 14.
Nxe5 Bf5 15. g4 Bc8 16. Rd1 Qa5 17. c4 Qc5 18. h3 Kh8 19. Bd2 Be6 20. Nxg6+
hxg6 21. Qxe6 Nxg4 22. Qxg4 Qxf2+ 23. Kh1 Bxb2 24. Rab1 Bg7 25. Qxg6 Qh4
26. Qg4 Qxg4 27. hxg4 Rf2 28. a3 Raf8 29. Be3 Rc2 30. Rdc1 Ra2 31. Rxb7
Rxa3 32. Rxe7 Bf6 33. Re6 Kg7 34. Rxf6 Rh8+ 35. Rh6 Rxh6+ 36. Bxh6+ Kxh6
37. Bxc6 Kg5 38. c5 Kxg4 39. Bg2 Re3 40. c6 Re8 41. c7 1-0

[Event "38th Olympiad"]
[Site "Dresden GER"]
[Date "2008.11.25"]
[Round "11"]
[White "Muendle,K"]
[Black "Kawuma,M"]
[Result "0-1"]
[WhiteElo "1928"]
[BlackElo "2204"]
[EventDate "2008.11.13"]

1. d4 Nf6 2. Nf3 e6 3. c4 d5 4. Nc3 Be7 5. Bg5 O-O 6. e3 b6 7. Bd3 Bb7 8.
Bxf6 Bxf6 9. cxd5 exd5 10. b4 c5 11. bxc5 bxc5 12. Qc2 g6 13. O-O c4 14.
Be2 Re8 15. Rfb1 Bc6 16. Rb2 Nd7 17. Rab1 Qe7 18. a4 Rec8 19. Nd2 Bg7 20.
Bf3 Nf6 21. g3 h5 22. h3 Qd7 23. Bg2 Qd6 24. Nb5 Qd8 25. Nc3 Bf8 26. Nf3
Rab8 27. Ne5 Rxb2 28. Rxb2 Ba8 29. Qb1 Kg7 30. Rb5 a5 31. Rb2 Bb4 32. Nb5
Bb7 33. Na7 Rc7 34. Nb5 Re7 35. Qd1 Ne8 36. Qc2 Nd6 37. Nxd6 Qxd6 38. h4
Bc8 39. Qd1 Bf5 40. g4 hxg4 41. e4 c3 42. Re2 dxe4 43. Bxe4 Rxe5 44. Bxf5
Rxf5 45. Re4 g3 46. f3 Qc6 0-1

[Event "38th Olympiad"]
[Site "Dresden GER"]
[Date "2008.11.25"]
[Round "11"]
[White "Mak Kei Keng"]
[Black "Pesqueira,J"]
[Result "0-1"]
[WhiteElo "2017"]
[BlackElo "1985"]
[EventDate "2008.11.13"]

1. Nf3 d5 2. b3 Bg4 3. Bb2 Nc6 4. d3 Nf6 5. Nbd2 e6 6. h3 Bxf3 7. Nxf3 Be7
8. Rc1 a6 9. g3 O-O 10. Bg2 Re8 11. O-O Rb8 12. e3 h6 13. Qe2 Bf8 14. c4
Qe7 15. Ne5 Na7 16. e4 Rbd8 17. cxd5 exd5 18. Ng4 Nh7 19. Qc2 dxe4 20. Bxe4
c6 21. Rce1 Qc5 22. Qb1 Ng5 23. Bg2 Qf5 24. d4 Qxb1 25. Rxb1 Nb5 26. Rbd1
Re2 27. Ba1 Rxa2 28. d5 cxd5 29. Bxd5 Rxa1 30. Bxf7+ Nxf7 31. Rxa1 Rd3 32.
Rab1 Nd4 33. Kg2 Rxb3 34. Rbc1 Nc6 35. Rfd1 a5 36. Ra1 Rb4 37. Ne3 Nfe5 38.
Nc2 Rb2 39. Ne1 Bc5 40. Nd3 Nxd3 41. Rxd3 Rxf2+ 42. Kh1 b6 43. Re1 a4 44.
Rc3 Nd4 45. Ree3 a3 46. Rxa3 Bxa3 47. Kg1 Ra2 48. Rd3 Bc5 49. Kh1 Rf2 0-1

[Event "38th Olympiad"]
[Site "Dresden GER"]
[Date "2008.11.25"]
[Round "11"]
[White "Lopez,Jus"]
[Black "Ssegirinya,J"]
[Result "1-0"]
[WhiteElo "1948"]
[BlackElo "2013"]
[EventDate "2008.11.13"]

1. e4 c5 2. Nf3 e6 3. d4 cxd4 4. Nxd4 Qc7 5. c4 a6 6. Nc3 Bb4 7. Bd2 Nf6 8.
Bd3 Bc5 9. Nc2 Nc6 10. O-O Ne5 11. Bf4 Bd6 12. Qe2 h6 13. Bg3 Ng6 14. Bxd6
Qxd6 15. g3 h5 16. Rad1 Qc7 17. Ne3 b6 18. f4 h4 19. e5 Nh5 20. Bxg6 fxg6
21. g4 Ng3 22. hxg3 hxg3 23. Ne4 Rh2 24. Ng2 Ke7 25. Nxg3 Rh3 26. Ne4 Bb7
27. b4 Qc6 28. Nd6 Rah8 29. Nxb7 Qxb7 30. Rd3 Rh1+ 31. Kf2 R8h2 32. Qf3 Qc8
33. Rxh1 Rxh1 34. Qe4 Ra1 35. a3 Ra2+ 36. Kg3 Qe8 37. Qd4 b5 38. cxb5 axb5
1-0

[Event "38th Olympiad"]
[Site "Dresden GER"]
[Date "2008.11.25"]
[Round "11"]
[White "Ho Cheng Fai"]
[Black "Gerard,F"]
[Result "1-0"]
[WhiteElo "2041"]
[BlackElo "2170"]
[EventDate "2008.11.13"]

1. d4 d5 2. c4 c6 3. Nf3 e6 4. cxd5 exd5 5. Nc3 Nf6 6. Bg5 Nbd7 7. e3 Be7
8. Qc2 h6 9. Bh4 Nh5 10. Bxe7 Qxe7 11. Be2 Nhf6 12. O-O O-O 13. Rab1 a5 14.
a3 Re8 15. b4 axb4 16. axb4 b5 17. Qb2 Nb6 18. Ne5 Qc7 19. Ra1 Rxa1 20.
Rxa1 Nfd7 21. Nf3 Qd6 22. Qb1 Nf6 23. Bd3 Nfd7 24. Ne2 Na4 25. Bc2 Nab6 26.
Nc1 g6 27. Nd3 Kg7 28. Ra7 Qb8 29. Ra2 Qd6 30. Qa1 Nc4 31. h3 Nf6 32. Nc5
Nxe3 33. Bxg6 fxg6 34. Ra7+ Kg8 35. Ne5 Nc2 36. Qc1 Nxd4 37. Qxh6 1-0

[Event "38th Olympiad"]
[Site "Dresden GER"]
[Date "2008.11.25"]
[Round "11"]
[White "Jacobusse,W"]
[Black "Celis,S"]
[Result "0-1"]
[WhiteElo "1999"]
[BlackElo "2009"]
[EventDate "2008.11.13"]

1. d4 Nf6 2. Nf3 e6 3. Bg5 Be7 4. e3 Nh5 5. Bxe7 Qxe7 6. Bd3 Qb4+ 7. Nbd2
Qxb2 8. O-O Qa3 9. Nc4 Qe7 10. Rb1 d5 11. Na5 b6 12. Bb5+ Bd7 13. Bxd7+
Nxd7 14. Nc6 Qd6 15. Nb4 Nhf6 16. Qd3 a5 17. Na6 O-O 18. c4 c5 19. cxd5
exd5 20. Qb5 Rfc8 21. Rfc1 Qc6 22. a4 c4 23. Nh4 g6 24. g3 Ne4 25. Ng2 Nd6
26. Qxc6 Rxc6 27. Nb4 axb4 28. Rxb4 c3 29. Nf4 Nf6 30. Kf1 Nc4 31. Ke2 Nb2
32. Ra1 c2 33. Kd2 g5 34. Ne2 Ne4+ 0-1

[Event "38th Olympiad"]
[Site "Dresden GER"]
[Date "2008.11.25"]
[Round "11"]
[White "Prasad,C FIJ"]
[Black "Merritt,M"]
[Result "0-1"]
[WhiteElo "1888"]
[BlackElo "2123"]
[EventDate "2008.11.13"]

1. d4 Nf6 2. c4 g6 3. Nc3 Bg7 4. e4 d6 5. f4 O-O 6. Nf3 c5 7. d5 e6 8. Bd3
exd5 9. cxd5 Re8 10. O-O a6 11. a4 Nbd7 12. Re1 Qc7 13. Qe2 Nb6 14. a5
Nbxd5 15. Nxd5 Nxd5 16. Bc4 Nf6 17. Ng5 Be6 18. Nxe6 fxe6 19. f5 gxf5 20.
e5 Ng4 21. exd6 Qxd6 22. g3 Kh8 23. Kg2 Qc6+ 24. Kh3 e5 25. Rf1 Rf8 26. Bd2
Rad8 27. Rad1 Qg6 28. Kg2 f4 29. Ba2 Qh5 30. Kg1 f3 31. Rxf3 Rxf3 32. Qxf3
Qxh2+ 33. Kf1 Rf8 34. Bf4 exf4 35. gxf4 Bd4 36. Rxd4 cxd4 37. f5 Rxf5 0-1

[Event "38th Olympiad"]
[Site "Dresden GER"]
[Date "2008.11.25"]
[Round "11"]
[White "Cave,C"]
[Black "Kumar,M"]
[Result "1-0"]
[WhiteElo "2250"]
[BlackElo "2019"]
[EventDate "2008.11.13"]

1. e4 c5 2. Nf3 d6 3. d4 cxd4 4. Nxd4 Nf6 5. Nc3 a6 6. Be3 e6 7. Be2 Be7 8.
Qd2 b5 9. f3 Bb7 10. O-O-O Nc6 11. g4 Qc7 12. g5 Nd7 13. h4 b4 14. Na4 Qa5
15. b3 Rc8 16. Kb1 O-O 17. h5 Nxd4 18. Qxd4 Bxg5 19. Rhg1 e5 20. Qd2 Bxe3
21. Qxe3 Nc5 22. Rxg7+ Kh8 23. Qh6 1-0

[Event "38th Olympiad"]
[Site "Dresden GER"]
[Date "2008.11.25"]
[Round "11"]
[White "Yarmonov,I"]
[Black "Solomon,K"]
[Result "1-0"]
[WhiteElo "2322"]
[BlackElo "2337"]
[EventDate "2008.11.13"]

1. d4 Nf6 2. c4 e6 3. Nc3 c5 4. d5 exd5 5. cxd5 d6 6. e4 g6 7. Nf3 a6 8. a4
Bg4 9. Be2 Bxf3 10. Bxf3 Bg7 11. O-O O-O 12. Bf4 Ne8 13. Qd2 Bf6 14. Be2
Nd7 15. g3 Qe7 16. Rae1 Nc7 17. f3 Rfb8 18. Ra1 Re8 19. h4 Rab8 20. Kg2 Bd4
21. Ra2 f6 22. Bd3 Be5 23. Ne2 Bxf4 24. Nxf4 Ne5 25. b3 Kh8 26. Be2 Qf7 27.
Nh3 Nd7 28. Qc3 Kg8 29. b4 b5 30. axb5 axb5 31. Rfa1 Rb7 32. Ra7 Nxd5 33.
Qd2 N7b6 34. Rxb7 Qxb7 35. Bxb5 Re5 36. exd5 Rxd5 37. Qa2 Kh8 38. Nf4 Rd4
39. bxc5 dxc5 40. Qe6 Rd2+ 41. Kh3 Kg7 42. Ra6 Qxf3 43. Qe7+ 1-0

[Event "38th Olympiad"]
[Site "Dresden GER"]
[Date "2008.11.25"]
[Round "11"]
[White "Steel,H"]
[Black "Bondarets,V"]
[Result "1-0"]
[WhiteElo "2280"]
[BlackElo "2345"]
[EventDate "2008.11.13"]

1. e4 d6 2. d4 Nf6 3. Nc3 g6 4. Nf3 Bg7 5. h3 O-O 6. Be3 c6 7. Qd2 b5 8.
Bd3 Re8 9. O-O e5 10. dxe5 dxe5 11. a4 b4 12. Ne2 a5 13. Nc1 Nbd7 14. Nb3
Bf8 15. Rfd1 Qc7 16. Qe2 Bb7 17. Nfd2 c5 18. Bb5 h6 19. f3 Red8 20. Nc4 Kg7
21. Rd2 Be7 22. Rad1 Bc8 23. Qf2 Re8 24. Nd6 Bxd6 25. Rxd6 c4 26. Rc6 Qb7
27. Rxc4 Re6 28. Qd2 h5 29. Bxd7 Nxd7 30. Rxc8 Rxc8 31. Qxd7 Qxd7 32. Rxd7
Rxc2 33. Rd2 Rxd2 34. Bxd2 Rd6 35. Bc1 Rd3 36. Nd2 f5 37. Kf2 f4 38. Ke2
Re3+ 39. Kd1 Rd3 40. Ke2 Re3+ 41. Kd1 Rd3 42. b3 Kf6 43. Bb2 Ke6 44. Kc2
Re3 45. Bxe5 g5 46. Kd1 Rd3 47. Bc7 Rd7 48. Bxa5 Ke5 49. Bb6 g4 50. hxg4
hxg4 51. Ke2 g3 52. a5 Kd6 53. Nc4+ 1-0

[Event "38th Olympiad"]
[Site "Dresden GER"]
[Date "2008.11.25"]
[Round "11"]
[White "Tocklin,T"]
[Black "Mabusela,J"]
[Result "0-1"]
[WhiteElo "1958"]
[BlackElo "2273"]
[EventDate "2008.11.13"]

1. e4 c5 2. Nf3 e6 3. c3 d5 4. exd5 Qxd5 5. d4 Nc6 6. dxc5 Qxd1+ 7. Kxd1
Bxc5 8. Be3 Bxe3 9. fxe3 Nf6 10. Bb5 Bd7 11. Ke2 Ke7 12. Na3 a6 13. Bd3 e5
14. Bc2 b5 15. Bb3 Rab8 16. Rad1 e4 17. Nd4 Ne5 18. Rd2 Nd3 19. Rb1 a5 20.
Bc2 Ne5 21. Bb3 g6 22. h3 Ne8 23. Rf1 f5 24. Kd1 Nd6 25. Ke2 Rhc8 26. Bd1
Nd3 27. Bb3 a4 28. Bd1 Nc4 29. Nxc4 bxc4 30. b3 cxb3 31. axb3 a3 32. Bc2
Rxc3 33. Bxd3 exd3+ 34. Rxd3 Rbxb3 35. Rxc3 Rxc3 36. Ra1 f4 37. exf4 Rg3
38. Kf2 Rd3 39. Nf3 Be6 40. Re1 Kd6 41. Ng5 Bd5 42. Ne4+ Kc6 43. Rc1+ Kb5
44. Nc3+ Kb4 0-1